000 02800nam a22004455i 4500
001 978-981-15-5428-5
003 DE-He213
005 20250131131457.0
007 cr nn 008mamaa
008 200526s2020 si | s |||| 0|eng d
020 _a9789811554285
_9978-981-15-5428-5
024 7 _a10.1007/978-981-15-5428-5
_2doi
040 _aKO
_beng
041 0 _aeng
082 0 4 _a690
_223
100 1 _aCheng, Zekun.
_eauthor.
_4aut
_4http://id.loc.gov/vocabulary/relators/aut
245 1 0 _aDesign and Practice of Cruise Ports
_h[electronic resource] /
_cby Zekun Cheng, Lei Gong, Chen Li.
250 _a1st ed. 2020.
264 1 _aSingapore :
_bSpringer Nature Singapore :
_bImprint: Springer,
_c2020.
300 _aXIII, 321 p. 270 illus., 254 illus. in color.
_bonline resource.
338 _aonline resource
490 1 _aSpringer Series on Naval Architecture, Marine Engineering, Shipbuilding and Shipping,
_x2194-8453 ;
_v4
505 0 _aExecutive Summary -- Preface -- Introduction -- Cruise Ships -- Global Cruise Ports -- Site Selection of Cruise Terminals -- General Layout of Cruise Terminals -- Cruise Terminal Process -- Terminal Building -- Marine Structures and Other Facilities -- Construction Practice of Cruise Port Construction -- Prospect.
520 _aThis book focuses on design technologies and practical engineering applications in connection with cruise ports and terminals. After a brief introduction to cruise ships and global cruise ports, it addresses the location, structure and layout of cruise terminals, the technologies involved, cruise terminal buildings and supporting facilities. The book also explores practical engineering cases, including projects that the authors have worked on, such as the Shenzhen Prince Bay and Shanghai Wusongkou International Cruise Terminal projects. Systematically discussing the design and engineering aspects of domestic and international cruise terminals, the book offers a practical reference guide for engineers, researchers, practitioners and policymakers in relevant fields.
650 0 _aBuildings
_xDesign and construction.
650 0 _aTransportation engineering.
650 0 _aTraffic engineering.
650 0 _aCivil engineering.
650 1 4 _aBuilding Construction and Design.
650 2 4 _aTransportation Technology and Traffic Engineering.
650 2 4 _aCivil Engineering.
700 1 _aGong, Lei.
_eauthor.
_4aut
_4http://id.loc.gov/vocabulary/relators/aut
700 1 _aLi, Chen.
_eauthor.
_4aut
_4http://id.loc.gov/vocabulary/relators/aut
830 0 _aSpringer Series on Naval Architecture, Marine Engineering, Shipbuilding and Shipping,
_x2194-8453 ;
_v4
856 4 0 _uhttps://doi.org/10.1007/978-981-15-5428-5
904 _aRUDRA_R
905 _aR_RANJAN
942 _2ddc
_cEB
999 _c3178
_d3178